[Event "24th ch-EUR Indiv w 2024"]
[Site "Rhodes GRE"]
[Date "2024.04.26"]
[Round "7.64"]
[White "Alexieva, Silvia"]
[Black "Shuqja, Klean"]
[Result "1/2-1/2"]
[WhiteTitle "IM"]
[BlackTitle "WFM"]
[WhiteElo "2144"]
[BlackElo "1977"]
[WhiteFideId "2902265"]
[BlackFideId "4701585"]
[EventDate "2024.04.19"]

1. Nf3 Nf6 2. g3 b6 3. Bg2 Bb7 4. O-O e6 5. b3 Be7 6. Bb2 c5 7. c4 O-O 8. d4
cxd4 9. Qxd4 d5 10. Ne5 Nc6 11. Nxc6 Bxc6 12. Nc3 Bc5 13. Qd2 Qe7 14. a3 Rfd8
15. cxd5 Nxd5 16. Nxd5 Bxd5 17. Qc3 Qg5 18. h4 Qg4 19. Bh3 Qg6 20. Kh2 Rac8 21.
Qe5 Bxb3 22. Rac1 Rd5 23. Qc3 Ba4 24. e4 Rdd8 1/2-1/2

[Event "24th ch-EUR Indiv w 2024"]
[Site "Rhodes GRE"]
[Date "2024.04.26"]
[Round "7.65"]
[White "Polterauer, Chiara"]
[Black "Esadze, Tamari"]
[Result "0-1"]
[WhiteTitle "WFM"]
[WhiteElo "2141"]
[BlackElo "1965"]
[WhiteFideId "1638165"]
[BlackFideId "13611186"]
[EventDate "2024.04.19"]

1. e4 c5 2. Nf3 d6 3. d4 cxd4 4. Nxd4 Nf6 5. Nc3 a6 6. f3 e5 7. Nb3 Be6 8. Be3
Be7 9. Qd2 Nbd7 10. O-O-O b5 11. g4 O-O 12. g5 Nh5 13. Nd5 Bxd5 14. exd5 b4 15.
Kb1 a5 16. Bb5 a4 17. Nc1 a3 18. b3 Rb8 19. Bc6 Nc5 20. Rhg1 Qa5 21. Rg4 g6 22.
Rc4 Na6 23. Qf2 Bd8 24. Nd3 Bb6 25. f4 exf4 26. Nxf4 Bxe3 27. Qxe3 Ng7 28. h4
Qd8 29. Rg1 Qb6 30. Qe1 Nf5 31. Rh1 Qe3 32. Qxe3 Nxe3 33. Re4 Nf5 34. Rh3 Nc5
35. Rc4 f6 36. Nd3 Nxd3 37. cxd3 fxg5 38. hxg5 Ne7 39. Bd7 Rf1+ 40. Rc1 Rbf8 41.
Be6+ Kg7 42. Rh1 Rxh1 43. Rxh1 Rf2 44. Rh4 Rb2+ 45. Kc1 Rg2 46. Rxb4 Rxg5 47.
Rb7 Kf6 48. b4 Nxd5 49. Bxd5 Rxd5 50. Rxh7 Rxd3 51. Kc2 Rg3 52. Rh2 Ke6 53. Rd2
Kd7 54. Kd1 Kc6 55. Ke1 Rg1+ 56. Kf2 Rb1 57. Ke3 Rxb4 58. Rd3 Rh4 59. Rd2 Rg4
60. Kf3 Rg5 61. Ke4 Ra5 62. Rc2+ Rc5 63. Rg2 g5 64. Rg3 Ra5 65. Rc3+ Kd7 66. Rh3
g4 67. Rh7+ Kc6 0-1

[Event "24th ch-EUR Indiv w 2024"]
[Site "Rhodes GRE"]
[Date "2024.04.26"]
[Round "7.66"]
[White "Pirvulescu, Ekaterina"]
[Black "Suleimanova, Ava"]
[Result "1-0"]
[WhiteTitle "WFM"]
[BlackTitle "WGM"]
[WhiteElo "2044"]
[BlackElo "2139"]
[WhiteFideId "13506374"]
[BlackFideId "4137728"]
[EventDate "2024.04.19"]

1. e4 c5 2. Nf3 Nc6 3. d4 cxd4 4. Nxd4 Nf6 5. Nc3 e5 6. Ndb5 d6 7. Bg5 a6 8. Na3
b5 9. Bxf6 gxf6 10. Nd5 f5 11. c3 Bg7 12. exf5 Bxf5 13. Nc2 O-O 14. Nce3 Be6 15.
Bd3 f5 16. O-O Kh8 17. Qh5 e4 18. Bc2 Ne7 19. Rad1 Ra7 20. f3 Nxd5 21. Nxd5 Be5
22. f4 Bg7 23. Kh1 a5 24. a3 b4 25. axb4 axb4 26. Nxb4 Qb6 27. Qe2 Qc5 28. Rfe1
d5 29. Bb3 Rd8 30. Ra1 Rda8 31. Rxa7 Rxa7 32. Qd2 Bg8 33. Bxd5 Rd7 34. c4 Bxd5
35. cxd5 Rb7 36. Rc1 e3 37. Qe1 Qxb4 38. Qxb4 Rxb4 39. Rc8+ Bf8 40. Rxf8+ Kg7
41. Re8 Rxb2 42. g3 e2 43. Kg1 Rd2 44. Re5 Rxd5 45. Rxe2 Kf6 46. Kf2 Ra5 47. h3
h5 48. Kf3 Ra1 49. Re3 Rf1+ 50. Kg2 Ra1 51. Rb3 Ra4 52. h4 Re4 53. Rb6+ Kg7 54.
Kf3 Ra4 55. Rb3 Re4 56. Rb7+ Kg6 57. Rb8 Kg7 1-0

[Event "24th ch-EUR Indiv w 2024"]
[Site "Rhodes GRE"]
[Date "2024.04.26"]
[Round "7.67"]
[White "Makka, Ioulia"]
[Black "Koridze, Lile"]
[Result "1-0"]
[WhiteTitle "WIM"]
[BlackTitle "WFM"]
[WhiteElo "1983"]
[BlackElo "2121"]
[WhiteFideId "4205316"]
[BlackFideId "13612514"]
[EventDate "2024.04.19"]

1. e4 c5 2. Nf3 d6 3. d4 cxd4 4. Nxd4 Nf6 5. Nc3 a6 6. h3 e5 7. Nde2 h5 8. g3
Nbd7 9. Bg2 b5 10. a4 b4 11. Nd5 Bb7 12. Bg5 Bxd5 13. exd5 g6 14. O-O Bg7 15. a5
Qc7 16. Qd2 Rb8 17. Ra4 Rb5 18. Rxb4 Rxa5 19. b3 O-O 20. Be3 Rb5 21. Rc4 Qb8 22.
Nc3 Rb4 23. Rc6 Ne8 24. Rxa6 f5 25. Bh6 Rd4 26. Qg5 Kh7 27. Bxg7 Kxg7 28. Rfa1
Nef6 29. Ra7 Rf7 30. Ra8 Qb6 31. R1a6 Qb4 32. Rc6 Nc5 33. Rcc8 Nce4 34. Bxe4
Rxe4 35. Rh8 1-0

[Event "24th ch-EUR Indiv w 2024"]
[Site "Rhodes GRE"]
[Date "2024.04.26"]
[Round "7.68"]
[White "Alexandri, Dimitra"]
[Black "Walter, Ema"]
[Result "1/2-1/2"]
[BlackTitle "WFM"]
[WhiteElo "1979"]
[BlackElo "2120"]
[WhiteFideId "42107989"]
[BlackFideId "14960710"]
[EventDate "2024.04.19"]

1. d4 Nf6 2. c4 e6 3. Nc3 Bb4 4. e3 b6 5. Ne2 Ba6 6. a3 Be7 7. Nf4 d5 8. cxd5
Bxf1 9. dxe6 Ba6 10. exf7+ Kxf7 11. e4 Bc4 12. e5 Re8 13. Be3 Nbd7 14. b3 Ba6
15. exf6 Bxf6 16. Qh5+ Kg8 17. Qd5+ Kh8 18. Nce2 Qe7 19. Qh5 Qe4 20. O-O g6 21.
Qh3 Nf8 22. Nc3 Qb7 23. Rfd1 c6 24. Qf3 Bg7 25. Rac1 Rac8 26. h4 Qe7 27. h5 Qxa3
28. hxg6 Nxg6 29. Nxg6+ hxg6 30. Qf7 Re7 31. Qxg6 Qxb3 32. Qh5+ Kg8 33. Qg4 Rce8
34. Bg5 Rf7 35. Ne4 Bc8 36. Qh4 Qe6 37. Re1 Qd7 38. Nf6+ Bxf6 39. Rxe8+ Qxe8 40.
Bxf6 Rh7 41. Qg3+ Kf7 42. Qc7+ Bd7 43. Be5 Qe6 44. Qd6 Qxd6 45. Bxd6 Ke6 46. Bb8
a6 47. Ba7 b5 48. Bb6 Kd6 49. f3 Be6 50. Ra1 Bc8 51. Kf2 Kd5 52. Bc5 Rf7 53. Ke3
Rg7 54. g4 Rf7 55. g5 Rg7 56. Kf4 Rf7+ 57. Ke3 Rg7 58. Kf4 Rf7+ 1/2-1/2

[Event "24th ch-EUR Indiv w 2024"]
[Site "Rhodes GRE"]
[Date "2024.04.26"]
[Round "7.69"]
[White "Orian, Noga"]
[Black "Silva, Ana Ines Teixeira Da"]
[Result "1-0"]
[WhiteTitle "WFM"]
[BlackTitle "WFM"]
[WhiteElo "2099"]
[BlackElo "1933"]
[WhiteFideId "2836475"]
[BlackFideId "1932543"]
[EventDate "2024.04.19"]

1. d4 Nf6 2. c4 e6 3. Nf3 a6 4. g3 b5 5. b3 Bb7 6. Bg2 c5 7. e3 Be7 8. O-O O-O
9. Nc3 Ne4 10. Bb2 Nxc3 11. Bxc3 Qc7 12. d5 exd5 13. cxd5 d6 14. Rc1 Nd7 15. e4
Bf6 16. Nh4 Rfe8 17. Nf5 Bxc3 18. Rxc3 Nf6 19. f3 Bc8 20. Ne3 a5 21. Qd2 Ba6 22.
Rfc1 h6 23. R3c2 b4 24. Bf1 Bxf1 25. Rxf1 Nd7 26. Nf5 Qb6 27. Kh1 a4 28. g4 axb3
29. axb3 Nf8 30. h4 Ra3 31. Qe3 Qa6 32. Rg1 Ra1 33. Rg2 Rxg1+ 34. Rxg1 Qb6 35.
h5 Qd8 36. Qf4 Re5 37. g5 hxg5 38. Rxg5 g6 39. Nh6+ Kg7 40. Qxf7+ Kxh6 41. Rxg6+
Kxh5 42. Rxd6+ 1-0

[Event "24th ch-EUR Indiv w 2024"]
[Site "Rhodes GRE"]
[Date "2024.04.26"]
[Round "7.70"]
[White "Janiashvili, Mariami"]
[Black "Manko, Mariia"]
[Result "1-0"]
[WhiteTitle "WFM"]
[BlackTitle "WFM"]
[WhiteElo "1964"]
[BlackElo "2251"]
[WhiteFideId "13612077"]
[BlackFideId "14199220"]
[EventDate "2024.04.19"]

1. d4 Nf6 2. c4 e6 3. Nc3 d5 4. cxd5 exd5 5. Bg5 Be7 6. e3 O-O 7. Bd3 Re8 8.
Nge2 c6 9. Qc2 Nbd7 10. f3 h6 11. Bh4 b5 12. O-O Nb6 13. Rae1 Bd7 14. e4 b4 15.
e5 bxc3 16. exf6 Bxf6 17. Bxf6 Qxf6 18. bxc3 Nc8 19. Ng3 Nd6 20. Qd2 Rac8 21.
Rxe8+ Bxe8 22. Qe3 Bd7 23. Re1 Re8 24. Qd2 Rxe1+ 25. Qxe1 g6 26. a4 h5 27. Nf1
c5 28. dxc5 Nb7 29. Bb5 Nxc5 30. Qe3 Bxb5 31. axb5 Qb6 32. Qe8+ Kg7 33. Qe5+ Kg8
34. Qe8+ Kg7 35. Qe5+ Qf6 36. Qe3 Na4 37. Qxa7 Qxc3 38. Qxa4 Qc5+ 39. Kh1 Qf2
40. Qa1+ Kh7 41. Qb1 Qb6 42. h3 d4 43. Nd2 h4 44. Nc4 Qc5 45. b6 Qxc4 46. b7 d3
47. b8=Q d2 48. Q8b3 Qc1+ 49. Qd1 Qc3 50. Qbc2 1-0

[Event "24th ch-EUR Indiv w 2024"]
[Site "Rhodes GRE"]
[Date "2024.04.26"]
[Round "7.71"]
[White "Hakimifard, Ghazal"]
[Black "Tuktamisova, Diana"]
[Result "1-0"]
[WhiteTitle "WGM"]
[WhiteElo "2253"]
[BlackElo "1864"]
[WhiteFideId "12506540"]
[BlackFideId "13909932"]
[EventDate "2024.04.19"]

1. e4 c5 2. Nf3 d6 3. d4 cxd4 4. Nxd4 Nf6 5. Nc3 a6 6. Bg5 e6 7. Qf3 Nbd7 8.
O-O-O Be7 9. g4 Ne5 10. Qg2 Qa5 11. Bd2 Nexg4 12. h3 Ne5 13. f4 Ng6 14. Kb1 Qc7
15. f5 Ne5 16. Qxg7 Rg8 17. Qh6 b5 18. Bd3 exf5 19. Nd5 Nxd5 20. exd5 Rg6 21.
Qxh7 Nxd3 22. cxd3 Qc5 23. Qh8+ Kd7 24. Nxf5 Bf6 25. Qf8 Qxd5 26. Rhe1 Bb7 27.
Re7+ Bxe7 28. Qxe7+ Kc6 29. Rc1+ Qc5 30. Nd4+ Kb6 31. Ba5+ Kxa5 32. Rxc5 dxc5
33. Nb3+ Ka4 34. Nxc5+ 1-0

[Event "24th ch-EUR Indiv w 2024"]
[Site "Rhodes GRE"]
[Date "2024.04.26"]
[Round "7.72"]
[White "Vasylchuk, Diana"]
[Black "Isgenderova, Hayale"]
[Result "0-1"]
[BlackTitle "WIM"]
[WhiteElo "1931"]
[BlackElo "2102"]
[WhiteFideId "34134611"]
[BlackFideId "13401823"]
[EventDate "2024.04.19"]

1. e4 e6 2. d4 d5 3. Nc3 Nf6 4. Bg5 Be7 5. e5 Nfd7 6. h4 Bxg5 7. hxg5 Qxg5 8.
Nh3 Qe7 9. Qg4 g6 10. Ng5 h5 11. Qf4 Nc6 12. Nb5 Nb6 13. O-O-O a6 14. Nc3 Bd7
15. g4 h4 16. Rd3 O-O-O 17. a3 Rdf8 18. Rdh3 Nxd4 19. Rxh4 Rxh4 20. Rxh4 Be8 21.
Rh7 Nc6 22. Bd3 Nd7 23. Nf3 Qc5 24. Qh2 Nd4 25. Nd2 f6 26. f4 fxe5 27. fxe5 Nc6
28. Qe2 Ncxe5 29. Bxa6 Rf2 30. Nb3 Rxe2 31. Nxc5 Re1+ 32. Nd1 Nxc5 33. Bd3
Ncxd3+ 34. cxd3 Ba4 0-1

[Event "24th ch-EUR Indiv w 2024"]
[Site "Rhodes GRE"]
[Date "2024.04.26"]
[Round "7.73"]
[White "Gajcin, Jasmina"]
[Black "Peglau, Dora"]
[Result "1/2-1/2"]
[WhiteTitle "WCM"]
[WhiteElo "1908"]
[BlackElo "2002"]
[WhiteFideId "939030"]
[BlackFideId "16220005"]
[EventDate "2024.04.19"]

1. e4 c5 2. Nf3 e6 3. c4 Nc6 4. Nc3 e5 5. Be2 g6 6. O-O Bg7 7. d3 Nge7 8. a3 O-O
9. Bg5 f6 10. Bd2 d6 11. Nd5 a5 12. b4 axb4 13. axb4 Rxa1 14. Qxa1 Nxd5 15. cxd5
Nxb4 16. Bxb4 cxb4 17. Rb1 Rf7 18. Rxb4 Rc7 19. Qb1 Bh6 20. Rc4 Rxc4 21. dxc4
Qa5 22. h3 b6 23. Nh2 f5 24. exf5 Bxf5 25. Bd3 Bxd3 26. Qxd3 Qa1+ 27. Nf1 Kg7
28. g3 Bc1 29. Kg2 h5 30. Nd2 Bxd2 31. Qxd2 Qb1 32. Qe3 Kf7 33. Qf3+ Ke7 34. Qe3
Qc2 35. Qxb6 Qxc4 36. Qb7+ Kf6 37. Qa8 Kg7 38. Qb7+ Kf6 39. Qa8 1/2-1/2

[Event "24th ch-EUR Indiv w 2024"]
[Site "Rhodes GRE"]
[Date "2024.04.26"]
[Round "7.75"]
[White "Golsta, Ramona"]
[Black "Bluebaum, Johanna"]
[Result "1-0"]
[WhiteElo "1867"]
[BlackElo "1977"]
[WhiteFideId "11607394"]
[BlackFideId "24647373"]
[EventDate "2024.04.19"]

1. d4 Nf6 2. c4 e6 3. Nf3 d5 4. Nc3 Be7 5. Bg5 h6 6. Bxf6 Bxf6 7. e3 O-O 8. Qc2
b6 9. h4 Bb7 10. cxd5 Bxd5 11. Nxd5 Qxd5 12. Bd3 Qa5+ 13. Ke2 Na6 14. a3 Rac8
15. b4 1-0

[Event "24th ch-EUR Indiv w 2024"]
[Site "Rhodes GRE"]
[Date "2024.04.26"]
[Round "7.76"]
[White "Federovski, Adi"]
[Black "Chasouraki, Chrysi"]
[Result "0-1"]
[WhiteElo "1976"]
[BlackElo "1827"]
[WhiteFideId "2813777"]
[BlackFideId "25861123"]
[EventDate "2024.04.19"]

1. e4 c5 2. Nf3 e6 3. d4 cxd4 4. Nxd4 Nc6 5. Nc3 Qc7 6. Be3 a6 7. Qf3 h5 8. Nxc6
Qxc6 9. Bd3 b5 10. O-O Bb7 11. a3 Nf6 12. Rfe1 Ng4 13. Bf4 Bc5 14. Bg3 O-O-O 15.
Qf4 e5 16. Qf3 f6 17. Nd5 Qe6 18. h3 h4 19. Qxg4 Bxd5 20. Bxh4 Qxg4 21. hxg4
Bxe4 22. Bxe4 Rxh4 23. b4 Bb6 24. Bf5 Kb7 25. Rad1 d5 26. Rxd5 Rxd5 27. Be4 Kc6
28. Rd1 Bd4 29. c3 Kd6 30. Bxd5 Kxd5 31. cxd4 exd4 32. f3 Rh8 33. Rc1 d3 34. Kf2
Kd4 35. Rc7 Re8 36. Rxg7 Re2+ 37. Kf1 Rc2 38. Ke1 Rxg2 39. Rd7+ Ke3 40. Re7+
Kxf3 41. Rf7 Ke3 42. Re7+ Kd4 43. Rd7+ Kc3 44. Rc7+ Kb2 45. Rc6 Rc2 46. Rd6 Kxa3
47. Rxa6+ Kxb4 48. Rxf6 Rg2 49. Rd6 Kc4 50. Rc6+ Kd5 51. Rc8 b4 52. Rb8 Kc4 53.
Rc8+ Kb3 54. g5 Rxg5 55. Kd2 Rd5 56. Rb8 Rd4 57. Ra8 Kb2 58. Ra4 Kb1 59. Ra8 b3
60. Rb8 Kb2 61. Rb7 Ka3 62. Ra7+ Kb2 63. Rb7 Rd6 64. Rb5 Ka3 65. Rb8 b2 66. Ra8+
Kb3 67. Rb8+ Ka2 68. Ra8+ Kb1 69. Ra7 Rc6 70. Ra8 Rc2+ 71. Kd1 d2 72. Ra7 Rc1+
73. Kxd2 Rc4 74. Ra8 Rc5 75. Rb8 Ra5 76. Kc3 Ra2 0-1

[Event "24th ch-EUR Indiv w 2024"]
[Site "Rhodes GRE"]
[Date "2024.04.26"]
[Round "7.77"]
[White "Siskou, Evangelia"]
[Black "Kordzadze, Nino"]
[Result "0-1"]
[WhiteElo "1837"]
[BlackElo "1976"]
[WhiteFideId "42113938"]
[BlackFideId "13603817"]
[EventDate "2024.04.19"]

1. e4 e6 2. d4 d5 3. Nc3 Nf6 4. e5 Nfd7 5. f4 g6 6. Nf3 c5 7. Be3 Nc6 8. Be2 a6
9. O-O b5 10. Qd2 b4 11. Nd1 c4 12. c3 a5 13. b3 Nb6 14. Nb2 a4 15. cxb4 a3 16.
Nd1 Bxb4 17. Qc2 Ba6 18. Nf2 h5 19. Nd2 Rc8 20. bxc4 dxc4 21. Nde4 Nd5 22. Nf6+
Kf8 23. Nxd5 Qxd5 24. Rfd1 Ne7 25. Ne4 Nf5 26. Bf2 h4 27. Bf3 Qa5 28. Ng5 Bb5
29. d5 Ba4 30. Qe2 Bxd1 31. Rxd1 c3 32. Qc2 Bc5 33. dxe6 Rb8 34. Ne4 Bxf2+ 35.
Qxf2 fxe6 36. Nc5 Rb2 37. Nxe6+ Ke7 38. Qc5+ Qxc5+ 39. Nxc5 Rd8 40. Rc1 c2 41.
Kf2 Rxa2 42. Na4 Nd4 43. Nc3 Rb2 44. Bd5 Nb5 45. Nxb5 Rxb5 46. Bf3 a2 0-1

[Event "24th ch-EUR Indiv w 2024"]
[Site "Rhodes GRE"]
[Date "2024.04.26"]
[Round "7.78"]
[White "Mashchenko, Tamila"]
[Black "Kalayci, Nino"]
[Result "0-1"]
[BlackTitle "WCM"]
[WhiteElo "1970"]
[BlackElo "1755"]
[WhiteFideId "14154463"]
[BlackFideId "13603221"]
[EventDate "2024.04.19"]

1. d4 d5 2. c4 e6 3. Nc3 Nf6 4. cxd5 exd5 5. Bg5 Be7 6. e3 O-O 7. Bd3 Re8 8. Qc2
h6 9. Bf4 c5 10. Nge2 Nc6 11. Qc1 cxd4 12. exd4 Qb6 13. O-O Nxd4 14. Nxd4 Qxd4
15. Bb5 Rd8 16. Bc7 Be6 17. Bxd8 Rxd8 18. Ne2 Qb6 19. Bd3 Bc5 20. b4 Bxb4 21.
Rb1 Qd6 22. Qb2 a5 23. a3 Bxa3 24. Qxb7 Ng4 25. Ng3 Bc5 26. Qb5 Bd4 27. Be2 Bc3
28. Rbc1 Bb4 29. Rcd1 Rb8 30. Qa4 h5 31. Bxg4 Bxg4 32. Rd4 Bc5 33. Rd2 Bb4 34.
Rd4 g6 35. Qb3 Be6 36. Qf3 Qe5 37. Rd3 Rd8 38. Re3 Qg5 39. Qd1 h4 40. Ne2 Bc5
41. Rd3 Bg4 42. h3 Bc8 43. Qc1 Qxc1 44. Rxc1 Ba6 45. Rd2 Bb4 46. Ra2 d4 47. Rd1
d3 48. Nc1 Bc4 49. Rb2 Bc3 50. Nxd3 Bxb2 51. Nxb2 Rxd1+ 52. Nxd1 a4 53. Ne3 Bb3
54. Nf1 a3 55. Nd2 Bc2 0-1

[Event "24th ch-EUR Indiv w 2024"]
[Site "Rhodes GRE"]
[Date "2024.04.26"]
[Round "7.79"]
[White "Dereka, Konstantina"]
[Black "Dakic, Marta"]
[Result "1/2-1/2"]
[WhiteElo "1821"]
[BlackElo "1957"]
[WhiteFideId "25837435"]
[BlackFideId "990043"]
[EventDate "2024.04.19"]

1. d4 Nf6 2. c4 e6 3. Nc3 Bb4 4. Bd2 c5 5. Nf3 O-O 6. a3 Bxc3 7. Bxc3 Ne4 8. Rc1
b6 9. g3 Bb7 10. Bg2 Nxc3 11. Rxc3 Qe7 12. O-O d6 13. Re1 Be4 14. d5 e5 15. Bf1
Nd7 16. Nd2 Bg6 17. e4 f5 18. exf5 Bxf5 19. Bg2 Rf6 20. Ne4 Rg6 21. b4 cxb4 22.
axb4 Rf8 23. Qb3 Nf6 24. c5 Nxe4 25. Bxe4 Bxe4 26. Rxe4 Qf7 27. Re2 Rf6 28. Qa2
bxc5 29. bxc5 dxc5 30. Rxc5 e4 31. Rc6 Rxc6 1/2-1/2

[Event "24th ch-EUR Indiv w 2024"]
[Site "Rhodes GRE"]
[Date "2024.04.26"]
[Round "7.80"]
[White "Papp, Sarah"]
[Black "Alexandri, Vasiliki"]
[Result "1-0"]
[WhiteTitle "WGM"]
[WhiteElo "2296"]
[BlackElo "1859"]
[WhiteFideId "24606812"]
[BlackFideId "42103606"]
[EventDate "2024.04.19"]

1. e4 e5 2. Nf3 Nc6 3. Bb5 a6 4. Ba4 Nf6 5. O-O Be7 6. Re1 b5 7. Bb3 O-O 8. a4
Bb7 9. d3 d6 10. Nc3 b4 11. Nd5 Nxd5 12. Bxd5 Na5 13. Bxb7 Nxb7 14. d4 Bf6 15.
Be3 c5 16. dxc5 dxc5 17. Qe2 Qb6 18. Rad1 Rfd8 19. Nd2 Qc6 20. b3 Rd7 21. f3
Rad8 22. Nc4 Nd6 23. Rd5 Nb7 24. Nxe5 Bxe5 25. Rxe5 Qf6 26. f4 a5 27. Rf1 Qc6
28. h3 Kh8 29. Qc4 f6 30. Re6 Rd6 31. Re7 R6d7 32. Rxd7 Qxd7 33. e5 Qf5 34. exf6
Qxf6 35. Re1 h6 36. Bf2 Rf8 37. Qe4 Nd6 38. Qe5 Re8 39. Qxf6 Rxe1+ 40. Bxe1 gxf6
41. Kf2 Kg7 42. Ke3 Kf7 43. g4 Ke6 44. f5+ Kd5 45. Bg3 Nb7 46. Kd3 Nd8 47. Bf4
Nf7 48. h4 Ne5+ 49. Bxe5 Kxe5 50. Ke3 Kd5 51. Kf4 c4 52. g5 hxg5+ 53. hxg5 fxg5+
54. Kxg5 cxb3 55. cxb3 Kd4 56. f6 Kc3 57. f7 Kxb3 58. f8=Q Kxa4 59. Kf4 Kb3 60.
Ke3 a4 61. Kd2 a3 62. Kc1 Kc3 63. Qf3+ Kc4 64. Kc2 Kc5 65. Kb3 Kd4 66. Qf4+ Kd3
67. Qxb4 a2 1-0

[Event "24th ch-EUR Indiv w 2024"]
[Site "Rhodes GRE"]
[Date "2024.04.26"]
[Round "7.81"]
[White "Stefan, Iulia-Cristiana"]
[Black "Lamprianou, Marianna"]
[Result "1-0"]
[WhiteElo "1938"]
[BlackElo "1462"]
[WhiteFideId "1273876"]
[BlackFideId "42153697"]
[EventDate "2024.04.19"]

1. d4 d5 2. Nf3 Nf6 3. Bf4 e6 4. e3 c5 5. Nbd2 Nc6 6. c3 cxd4 7. exd4 Nh5 8. Be3
Bd6 9. Bd3 Nf4 10. Bxf4 Bxf4 11. O-O O-O 12. Re1 Re8 13. Nb3 e5 14. dxe5 Nxe5
15. Nxe5 Bxe5 16. Bxh7+ Kf8 17. Bd3 Qd6 18. Qh5 g6 19. Qh6+ Bg7 20. Rxe8+ Kxe8
21. Qxg7 Be6 22. Nd4 a6 23. Nxe6 Qxe6 24. Qg8+ Ke7 25. Qxa8 Qd7 26. Re1+ Kd6 27.
Re8 f5 28. Rd8 Qxd8 29. Qxd8+ Kc6 30. c4 dxc4 31. Bxc4 b5 32. Be6 Kc5 33. Qd5+
Kb6 34. b4 a5 35. Qc5+ Ka6 36. Bc8# 1-0

[Event "24th ch-EUR Indiv w 2024"]
[Site "Rhodes GRE"]
[Date "2024.04.26"]
[Round "7.82"]
[White "Mihailidou, Magdalini"]
[Black "Aliu, Arlinda"]
[Result "1-0"]
[WhiteElo "1915"]
[BlackElo "1813"]
[WhiteFideId "25801236"]
[BlackFideId "22101292"]
[EventDate "2024.04.19"]

1. e4 b6 2. d4 Bb7 3. Nc3 e6 4. Be3 Bb4 5. f3 Bxc3+ 6. bxc3 Nc6 7. Bd3 Nge7 8.
Ne2 O-O 9. O-O d6 10. Qe1 e5 11. f4 Qd7 12. Qg3 exf4 13. Nxf4 Ng6 14. Nh5 Kh8
15. Rf2 Rae8 16. Raf1 Nd8 17. e5 dxe5 18. Bxg6 hxg6 19. Bh6 gxh6 20. Qxg6 fxg6
21. Rxf8+ Rxf8 22. Rxf8+ Kh7 23. Nf6+ Kg7 24. Nxd7 Ne6 25. Re8 Kf7 26. Rb8 Be4
27. Nxe5+ Kf6 28. Ng4+ Kg7 29. Re8 Kf7 30. Rc8 h5 31. Ne3 Ke7 32. d5 Kd7 33. Ra8
Nf4 34. c4 a5 35. Kf2 g5 36. Rg8 Ng6 37. Rg7+ Kd6 38. h3 a4 39. a3 h4 40. g3 c6
41. dxc6 Kxc6 42. c3 Kd6 43. Nd5 b5 44. Nf6 hxg3+ 45. Kxg3 Bf5 46. cxb5 Kc5 47.
c4 Bd3 48. Rc7+ Kd6 49. Rd7+ Ke6 50. Rxd3 Kxf6 51. Rd6+ 1-0

[Event "24th ch-EUR Indiv w 2024"]
[Site "Rhodes GRE"]
[Date "2024.04.26"]
[Round "7.83"]
[White "Recica, Jona"]
[Black "Vardi, Shlomit"]
[Result "0-1"]
[WhiteElo "1641"]
[BlackElo "1906"]
[WhiteFideId "22105239"]
[BlackFideId "2801442"]
[EventDate "2024.04.19"]

1. e4 d6 2. d4 g6 3. Nc3 Bg7 4. Be3 a6 5. Qd2 b5 6. Nf3 Bb7 7. Be2 h6 8. h3 Nf6
9. Bd3 b4 10. Ne2 Bxe4 11. Bxe4 Nxe4 12. Qxb4 Nd7 13. O-O Nef6 14. c4 O-O 15.
Ng3 Qc8 16. Qd2 Kh7 17. Nh4 e6 18. f4 Qb7 19. Rf3 Ne4 20. Qc2 f5 21. d5 Qxb2 22.
Qxb2 Bxb2 23. Rb1 Bf6 24. Nxg6 Kxg6 25. dxe6 Ndc5 26. Nxe4 Nxe4 27. Rb7 Rfc8 28.
g4 Bh4 29. Ba7 Kf6 30. Bd4+ Kxe6 31. Bg7 Nc5 32. Rb2 Rg8 33. Bxh6 fxg4 34. f5+
Kf7 35. Re3 Bf6 36. Rd2 gxh3+ 37. Kh1 Rab8 38. Rd1 Rb2 0-1

[Event "24th ch-EUR Indiv w 2024"]
[Site "Rhodes GRE"]
[Date "2024.04.26"]
[Round "7.84"]
[White "Saraci, Ndriqona"]
[Black "Korinioti, Myrto"]
[Result "1/2-1/2"]
[WhiteTitle "WCM"]
[WhiteElo "1660"]
[BlackElo "1457"]
[WhiteFideId "969095"]
[BlackFideId "42153743"]
[EventDate "2024.04.19"]

1. e4 c5 2. Nf3 Nc6 3. Bb5 Nf6 4. Bxc6 dxc6 5. d3 Bg4 6. h3 Bh5 7. O-O Nd7 8.
Nbd2 e5 9. Re1 f6 10. c3 Be7 11. Qc2 Nf8 12. Nh4 Ne6 13. Nf1 O-O 14. Nf5 Qd7 15.
N1g3 Bf7 16. Nxe7+ Qxe7 17. Nf5 Qd7 18. Be3 Rad8 19. Rad1 Rfe8 20. d4 cxd4 21.
cxd4 exd4 22. Nxd4 Nxd4 23. Rxd4 Qe6 24. Rxd8 Rxd8 25. a3 a6 26. Bb6 Rd7 27. Re3
Bg6 28. f3 Qd6 1/2-1/2

[Event "24th ch-EUR Indiv w 2024"]
[Site "Rhodes GRE"]
[Date "2024.04.26"]
[Round "7.85"]
[White "Kaka, Rengina Tsampika"]
[Black "Revelioti, Eleni Nefeli"]
[Result "1-0"]
[WhiteElo "1480"]
[BlackElo "1652"]
[WhiteFideId "42153794"]
[BlackFideId "42168090"]
[EventDate "2024.04.19"]

1. d4 d5 2. Bf4 Nf6 3. e3 e6 4. Nf3 c5 5. c3 Bd6 6. Bg3 Nc6 7. Nbd2 O-O 8. Ne5
Bd7 9. Nxf7 Rxf7 10. Bxd6 c4 11. Bf4 h6 12. Nf3 Rf8 13. h3 a5 14. Be2 Re8 15.
O-O Qe7 16. Be5 Nxe5 17. Nxe5 Bc8 18. Bh5 Nxh5 19. Qxh5 Qd8 20. Rfe1 Rf8 21. Re2
Rf5 22. Qg6 Rf6 23. Qg4 Qe8 24. Rf1 h5 25. Qg5 b5 26. e4 Bb7 27. exd5 Bxd5 28.
Re3 Ra7 29. Rg3 Rf5 30. Qg6 Kf8 31. Qh7 a4 32. Qh8+ Ke7 33. Rxg7+ Kd8 34. Qxe8+
Kxe8 35. Rxa7 Rg5 36. f3 Rf5 37. Ra5 Ke7 38. Rxb5 Kd6 39. Rb4 Rf8 40. Rxa4 Rg8
41. Nxc4+ Bxc4 42. Rxc4 1-0

[Event "24th ch-EUR Indiv w 2024"]
[Site "Rhodes GRE"]
[Date "2024.04.26"]
[Round "7.88"]
[White "Sanchez Ruiz, Piedad Esmeralda"]
[Black "Stefanidi, Maria-Anna"]
[Result "0-1"]
[BlackTitle "WFM"]
[WhiteElo "1806"]
[BlackElo "1944"]
[WhiteFideId "2286912"]
[BlackFideId "4207750"]
[EventDate "2024.04.19"]

1. e4 c5 2. Nf3 d6 3. d4 cxd4 4. Nxd4 Nf6 5. Nc3 g6 6. Bc4 Bg7 7. h3 a6 8. Bb3
b5 9. a3 Bb7 10. f3 Nbd7 11. Be3 Rc8 12. a4 b4 13. Nd5 a5 14. Nxf6+ Bxf6 15. Rb1
O-O 16. O-O Nc5 17. Qd2 Qd7 18. Rfc1 Ba6 19. Ne2 Nxa4 20. Bd4 Bxd4+ 21. Qxd4
Bxe2 0-1